LIBRARY ONLINE CATALOGUE

Effective career guidance and counselling in schools by (Record no. 20547)

MARC details
000 -LEADER
fixed length control field 00383nam a22001337a 4500
008 - FIXED-LENGTH DATA ELEMENTS--GENERAL INFORMATION
fixed length control field 241112b |||||||| |||| 00| 0 eng d
020 ## - INTERNATIONAL STANDARD BOOK NUMBER
International Standard Book Number 9789966100764
050 ## - LIBRARY OF CONGRESS CALL NUMBER
Classification number LB1027.5
Item number .G33
100 ## - MAIN ENTRY--PERSONAL NAME
Personal name Gacohi, Jane Njeri
245 ## - TITLE STATEMENT
Title Effective career guidance and counselling in schools by
Statement of responsibility, etc. Jane Njeri Gacohi
260 ## - PUBLICATION, DISTRIBUTION, ETC. (IMPRINT)
Place of publication, distribution, etc. Nakuru, Kenya
Date of publication, distribution, etc. 2017
300 ## - PHYSICAL DESCRIPTION
Extent viii, 112p.
942 ## - ADDED ENTRY ELEMENTS (KOHA)
Source of classification or shelving scheme Library of Congress Classification
Koha item type General Collection
Holdings
Withdrawn status Lost status Source of classification or shelving scheme Not for loan Home library Current library Date acquired Cost, normal purchase price Inventory number Total Checkouts Full call number Barcode Date last seen Copy number Price effective from Koha item type
    Library of Congress Classification   Kabarak, Main Campus Kabarak, Main Campus 12/11/2024 600.00 2024/0724   LB1027.5 .G33 2024 C.1 33631 12/11/2024 C.1 12/11/2024 General Collection
    Library of Congress Classification   Kabarak, Main Campus Kabarak, Main Campus 12/11/2024 600.00 2024/0729   LB1027.5 .G33 2024 C.2 33627 12/11/2024 C.2 12/11/2024 General Collection
    Library of Congress Classification   Kabarak, Main Campus Kabarak, Main Campus 12/11/2024 600.00 2024/0727   LB1027.5 .G33 2024 C.3 33628 12/11/2024 C.3 12/11/2024 General Collection
    Library of Congress Classification   Kabarak, Main Campus Kabarak, Main Campus 12/11/2024 600.00 2024/0726   LB1027.5 .G33 2024 C.4 33629 12/11/2024 C.4 12/11/2024 General Collection
    Library of Congress Classification   Kabarak, Main Campus Kabarak, Main Campus 12/11/2024 600.00 2024/0725   LB1027.5 .G33 2024 C.5 33630 12/11/2024 C.5 12/11/2024 General Collection
    Library of Congress Classification   Kabarak, Main Campus Kabarak, Main Campus 12/11/2024 600.00 2024/0728   LB1027.5 .G33 2024 C.6 33626 12/11/2024 C.6 12/11/2024 General Collection